Ground Water (Record no. 6283)
[ view plain ]
| 000 -LEADER | |
|---|---|
| fixed length control field | 00281nam a2200121Ia 4500 |
| 008 - FIXED-LENGTH DATA ELEMENTS--GENERAL INFORMATION | |
| fixed length control field | 191201s2014 xx 000 0 und d |
| 100 ## - MAIN ENTRY--PERSONAL NAME | |
| Personal name | RAGHUNATH, H.M. |
| 245 #0 - TITLE STATEMENT | |
| Title | Ground Water |
| 260 ## - PUBLICATION, DISTRIBUTION, ETC. (IMPRINT) | |
| Place of publication, distribution, etc | N. delhi |
| Name of publisher, distributor, etc | New Age |
| Date of publication, distribution, etc | 2014 |
| 300 ## - PHYSICAL DESCRIPTION | |
| Extent | 504 |
| 650 ## - SUBJECT ADDED ENTRY--TOPICAL TERM | |
| Topical term or geographic name as entry element | B.Tech(CE) |
| 942 ## - ADDED ENTRY ELEMENTS (KOHA) | |
| Source of classification or shelving scheme | Dewey Decimal Classification |
| Koha item type | Text Books |
| 942 ## - ADDED ENTRY ELEMENTS (KOHA) | |
| -- | 3 |
| Withdrawn status | Lost status | Source of classification or shelving scheme | Damaged status | Not for loan | Collection code | Home library | Current library | Date acquired | Source of acquisition | Cost, normal purchase price | Bill Number | Total Checkouts | Full call number | Acc. no. / Barcode | Date last seen | Actual Cost, discounted price | Bill Date | Koha item type | Date last borrowed |
|---|---|---|---|---|---|---|---|---|---|---|---|---|---|---|---|---|---|---|---|
| Dewey Decimal Classification | B.Tech(CE) | PIET C-LIBRARY | PIET C-LIBRARY | 03/10/2015 | KIRTI PRAKASHAN, NEW DELHI | 495.00 | IN2284 | 627.17 RAG | 25811 | 04/12/2019 | 331.65 | 28/02/2015 | Text Books | ||||||
| Dewey Decimal Classification | B.Tech(CE) | PIET C-LIBRARY | PIET C-LIBRARY | 03/10/2015 | KIRTI PRAKASHAN, NEW DELHI | 495.00 | IN2284 | 627.17 RAG | 25812 | 04/12/2019 | 331.65 | 28/02/2015 | Text Books | ||||||
| Dewey Decimal Classification | B.Tech(CE) | PIET C-LIBRARY | PIET C-LIBRARY | 03/10/2015 | KIRTI PRAKASHAN, NEW DELHI | 495.00 | IN2284 | 2 | 627.17 RAG | 25813 | 09/03/2021 | 331.65 | 28/02/2015 | Text Books | 14/03/2020 | ||||
| Dewey Decimal Classification | B.Tech(CE) | PIET C-LIBRARY | PIET C-LIBRARY | 03/10/2015 | KIRTI PRAKASHAN, NEW DELHI | 495.00 | IN2284 | 1 | 627.17 RAG | 25814 | 16/03/2020 | 331.65 | 28/02/2015 | Text Books | 12/03/2020 | ||||
| Dewey Decimal Classification | B.Tech(CE) | PIET C-LIBRARY | PIET C-LIBRARY | 03/10/2015 | KIRTI PRAKASHAN, NEW DELHI | 495.00 | IN2284 | 627.17 RAG | 25815 | 04/12/2019 | 331.65 | 28/02/2015 | Text Books |